Nihon seishinron no chōsa.

Disimpan dalam:
Butiran Bibliografi
Pengarang Korporat: Japan. Monbushō. Shisōkyoku.
Pengarang-pengarang Lain: Igarashi, Sukehiro., Kamesaka, Kumie, 1907-, Okuda, Naotaka, 1907-
Format: Buku
Bahasa:Japanese
Diterbitkan: [Tōkyō] : Monbushō Shisōkyoku, Shōwa 10 [1935]
Subjek-subjek:
Penanda-penanda: Tambah Penanda
Tiada Penanda, Jadilah orang pertama menanda rekod ini!
LEADER 01678cam a2200433 i 4500
001 007741383-0
005 20024617120653.0
008 910930s1935 ja b 000 0 jpn
010 |a 75788105 /J 
035 0 |a ocm24470199 
040 |a DLC  |c WaU  |d *YNH*  |d CStRLIN 
050 0 |a DS843  |b .J38 1935 
110 1 |6 880-01  |a Japan.  |b Monbushō.  |b Shisōkyoku. 
245 1 0 |6 880-02  |a Nihon seishinron no chōsa. 
260 |6 880-03  |a [Tōkyō] :  |b Monbushō Shisōkyoku,  |c Shōwa 10 [1935] 
300 |a 2, 237 p. ;  |c 22 cm. 
500 |a Cover title. 
500 |6 880-04  |a "Hi" 
500 |6 880-05  |a "Honchōsa wa Monbushō shokutaku Igarashi Sukehiro, Kamesaka Fumie, Okuda Naotaka ni yotte nasareta mono." 
500 |6 880-06  |a "Shisō chōsa shiryō tokushū." 
504 |a Includes bibliographical references. 
651 0 |a Japan  |x History  |x Philosophy. 
650 0 |a National characteristics, Japanese. 
700 1 |6 880-07  |a Igarashi, Sukehiro. 
700 1 |6 880-08  |a Kamesaka, Kumie,  |d 1907- 
700 1 |6 880-09  |a Okuda, Naotaka,  |d 1907- 
730 0 |6 880-10  |a Shisō chōsa shiryō. 
880 1 |6 110-01  |a Japan.  |b 文部省.  |b 思想局. 
880 1 0 |6 245-02  |a 日本精神論の調查. 
880 |6 260-03  |a [東京] :  |b 文部省思想局,  |c 昭和10 [1935] 
880 |6 500-04  |a "秘" 
880 |6 500-05  |a "本調查は文部省囑託五十嵐祐宏・龜坂文衞・奧田直登によつてなされたもの." 
880 |6 500-06  |a "思想調查資料特輯." 
880 1 |6 700-07  |a 五十嵐祐宏. 
880 1 |6 700-08  |a 龜坂文衞,  |d 1907- 
880 1 |6 700-09  |a 奧田直登,  |d 1907- 
880 0 |6 730-10  |a 思想調查資料. 
988 |a 20021214 
906 |0 DLC